书目信息 |
| 题名: |
环境 化学与人类健康-人类社会文明与进步的标志
|
|
| 作者: | 施开良 主编 | |
| 分册: | ||
| 出版信息: | 北京 化学工业出版社 2002.03 |
|
| 页数: | 302页 | |
| 开本: | 20cm | |
| 丛书名: | ||
| 单 册: | ||
| 中图分类: | O6-05 | |
| 科图分类: | ||
| 主题词: | 化学--理论 , 化学--方法 | |
| 电子资源: | ||
| ISBN: | 7-5025-3692-2 | |
| 000 | 00694nam0 2200205 450 | |
| 001 | 2257127570 | |
| 005 | 20221011155644.52 | |
| 010 | @a7-5025-3692-2@dCNY20.00 | |
| 100 | @a20221011d2002 km y0chiy0120 ea | |
| 101 | 0 | @achi |
| 102 | @aCN@b110000 | |
| 200 | 1 | @a环境 化学与人类健康-人类社会文明与进步的标志@AHuan Jing Hua Xue Yu Ren Lei Jian Kang-Ren Lei She Hui Wen Ming Yu Jin Bu De Biao Zhi@f施开良主编@FShi Kai Liang Zhu Bian |
| 210 | @a北京@c化学工业出版社@d2002.03 | |
| 215 | @a302页@d20cm | |
| 606 | 0 | @a化学@x理论 |
| 606 | 0 | @a化学@x方法 |
| 690 | @aO6-05@v4 | |
| 701 | 0 | @a施开良@AShi Kai Liang@4主编 |
| 801 | 0 | @aCN@b大连网信软件有限公司图书馆·11@c20221011 |
| 905 | @aZUCC@dO6-05@eZY6 | |
| 环境 化学与人类健康-人类社会文明与进步的标志/施开良主编.-北京:化学工业出版社,2002.03 |
| 302页;20cm |
| ISBN 7-5025-3692-2:CNY20.00 |
| ● |
| 相关链接 |
|
|
|
|
正题名:环境 化学与人类健康-人类社会文明与进步的标志
索取号:O6-05/ZY6
 
预约/预借
| 序号 | 登录号 | 条形码 | 馆藏地/架位号 | 状态 | 备注 |
| 1 | 7901971 | 279019713 | 密集书库-资源管理系/ [索取号:O6-05/ZY6] | 在馆 |